Language Quiz

Random Language or Italian Quiz

Body parts in Italian! Quiz Stats

 Plays Quiz not verified by Sporcle

Challenge
Share
Tweet
Embed
Score 0/22 Timer 10:00
0 Plays Today
Hint Answer % Correct
headla testa
97.2%
handla mano
88.9%
legla gamba
80.6%
eyel'occhio
80.6%
noseil naso
77.8%
toothil dente
77.8%
hairi capelli
75%
armil braccio
75%
mouthla bocca
75%
tonguela lingua
75%
bodyil corpo
75%
Hint Answer % Correct
throatla gola
75%
face (feminine word)la faccia
75%
backla schiena
72.2%
stomachlo stomaco
72.2%
kneeil ginocchio
72.2%
footil piede
72.2%
earl'orecchio
72.2%
fingeril dito
69.4%
shoulderla spalla
63.9%
elbowil gomito
61.1%
face (masculine word)il viso
50%

You're not logged in!

Compare scores with friends on all Sporcle quizzes.
Join for Free
OR
Log In

You Might Also Like...

Show Comments

Extras

Top Quizzes Today


Score Distribution

Your Account Isn't Verified!

In order to create a playlist on Sporcle, you need to verify the email address you used during registration. Go to your Sporcle Settings to finish the process.

Report this User

Report this user for behavior that violates our Community Guidelines.

Details: